000 01390nam a2200361Ia 4500
001 ebr10478326
003 CaPaEBR
006 m u
007 cr cn|||||||||
008 110225s2011 vtu s 001 0 eng d
010 _z 2011006230
020 _z9781409400950
020 _z9780754699927
040 _aCaPaEBR
_cCaPaEBR
035 _a(OCoLC)742515484
050 1 4 _aHB3722
_b.D695 2011eb
082 0 4 _a332/.042090511
_222
100 1 _aDoyran, Mine Aysen.
245 1 0 _aFinancial crisis management and the pursuit of power
_h[electronic resource] :
_bAmerican pre-eminence and the credit crunch /
_cby Mine Aysen Doyran.
260 _aBurlington, VT :
_bAshgate,
_c2011.
300 _avii, 249 p.
490 1 _aGlobal finance
500 _aIncludes index.
533 _aElectronic reproduction.
_bPalo Alto, Calif. :
_cebrary,
_d2013.
_nAvailable via World Wide Web.
_nAccess may be limited to ebrary affiliated libraries.
650 0 _aGlobal Financial Crisis, 2008-2009.
650 0 _aEconomic history
_y21st century.
650 0 _aGlobalization
_xEconomic aspects.
650 0 _aCrisis management
_zUnited States.
655 7 _aElectronic books.
_2local
710 2 _aebrary, Inc.
830 0 _aGlobal finance series.
856 4 0 _uhttp://site.ebrary.com/lib/rucke/Doc?id=10478326
_zAn electronic book accessible through the World Wide Web; click to view
999 _c222528
_d222528